000 00669nam a2200241 i 4500
001 C2-0316433
003 PPAK
005 20180728112444.0
008 120725s2012 si a|||| ||||| | eng d
020 _a9789814394116
040 _aPPAK
_beng
_cPPAK
_erda
082 0 4 _a686.22
_223
090 0 0 _a686.22
_bMID
_dR
100 1 _aMiddendorp, Jan,
_eauthor
245 1 0 _aShaping text
264 1 _aSingapore :
_bPage One Publishing ,
_c2012
300 _a175 pages :
_bcolour illustrations ;
_c26 cm.
336 _2rdacontent
_atext
337 _2rdamedia
_aunmediated
338 _2rdacarrier
_avolume
650 1 0 _aGraphics design (Typography).
942 _ddc
_cB
999 _c117569
_d117569